header

Communicating Europe : (Record no. 96377)

MARC details
000 -LEADER
fixed length control field 02383nam a2200457 i 4500
001 - CONTROL NUMBER
control field ebr10840326
003 - CONTROL NUMBER IDENTIFIER
control field CaPaEBR
006 - FIXED-LENGTH DATA ELEMENTS--ADDITIONAL MATERIAL CHARACTERISTICS--GENERAL INFORMATION
fixed length control field m o d
007 - PHYSICAL DESCRIPTION FIXED FIELD--GENERAL INFORMATION
fixed length control field cr cn|||||||||
008 - FIXED-LENGTH DATA ELEMENTS--GENERAL INFORMATION
fixed length control field 140311t20132013sz o 100 0 eng d
020 ## - INTERNATIONAL STANDARD BOOK NUMBER
Cancelled/invalid ISBN 9783034314725
International Standard Book Number 9783035106572 (e-book)
040 ## - CATALOGING SOURCE
Original cataloging agency CaPaEBR
Language of cataloging eng
Description conventions rda
-- pn
Transcribing agency CaPaEBR
035 ## - SYSTEM CONTROL NUMBER
System control number (OCoLC)875635523
043 ## - GEOGRAPHIC AREA CODE
Geographic area code e------
050 14 - LIBRARY OF CONGRESS CALL NUMBER
Classification number PN5110
Item number .C666 2014eb
082 04 - DEWEY DECIMAL CLASSIFICATION NUMBER
Classification number 070.4/4994055
Edition number 23
245 00 - TITLE STATEMENT
Title Communicating Europe :
Remainder of title journals and European integration, 1939-1979 /
Statement of responsibility, etc edited by Daniele Pasquinucci, Daniela Preda and Luciano Tosi.
264 #1 - PRODUCTION, PUBLICATION, DISTRIBUTION, MANUFACTURE, AND COPYRIGHT NOTICE
Place of production, publication, distribution, manufacture Frankfurt am Main, [Germany] :
Name of producer, publisher, distributor, manufacturer Peter Lang,
Date of production, publication, distribution, manufacture, or copyright notice 2013.
Date of production, publication, distribution, manufacture, or copyright notice �2013
300 ## - PHYSICAL DESCRIPTION
Extent 1 online resource (612 pages)
336 ## - CONTENT TYPE
Content type term text
Source rdacontent
337 ## - MEDIA TYPE
Media type term computer
Source rdamedia
338 ## - CARRIER TYPE
Carrier type term online resource
Source rdacarrier
500 ## - GENERAL NOTE
General note "Present work is an ideal extension of that first initiative, and contains the proceedings of the conference Communicating Europe. Journals and European Integration 1939-1979 organized by AUSE (with the support of the Action Jean Monnet, Lifelong Learning Programme) at the University of Perugia and Assisi from 2 to 4 May 2013."
588 ## - SOURCE OF DESCRIPTION NOTE
Source of description note Descrription based on print version record.
590 ## - LOCAL NOTE (RLIN)
Local note Electronic reproduction. Palo Alto, Calif. : ebrary, 2014. Available via World Wide Web. Access may be limited to ebrary affiliated libraries.
610 20 - SUBJECT ADDED ENTRY--CORPORATE NAME
Corporate name or jurisdiction name as entry element European Union
General subdivision Press coverage
Geographic subdivision Europe
Form subdivision Congresses.
650 #0 - SUBJECT ADDED ENTRY--TOPICAL TERM
Topical term or geographic name as entry element European periodicals
General subdivision History
Chronological subdivision 20th century
Form subdivision Congresses.
Topical term or geographic name as entry element Press and politics
Geographic subdivision European Union countries
General subdivision History
Chronological subdivision 20th century
Form subdivision Congresses.
651 #0 - SUBJECT ADDED ENTRY--GEOGRAPHIC NAME
Geographic name European Union countries
General subdivision Public opinion
Form subdivision Congresses.
Geographic name European Union countries
General subdivision Politics and government
Chronological subdivision 20th century
Form subdivision Congresses.
655 #0 - INDEX TERM--GENRE/FORM
Genre/form data or focus term Electronic books.
700 1# - ADDED ENTRY--PERSONAL NAME
Personal name Pasquinucci, Daniele.
Personal name Preda, Daniela,
Dates associated with a name 1960-
Personal name Tosi, Luciano.
710 2# - ADDED ENTRY--CORPORATE NAME
Corporate name or jurisdiction name as entry element European Commission.
Subordinate unit Lifelong Learning Programme.
776 08 - ADDITIONAL PHYSICAL FORM ENTRY
Display text Print version:
Title Communicating Europe : journals and European integration, 1939-1979.
Place, publisher, and date of publication Frankfurt am Main, [Germany] : Peter Lang, c2013
Physical description 610 pages
International Standard Book Number 9783034314725
Record control number 2013042903
797 2# - LOCAL ADDED ENTRY--CORPORATE NAME (RLIN)
Corporate name or jurisdiction name as entry element ebrary.
856 40 - ELECTRONIC LOCATION AND ACCESS
Uniform Resource Identifier <a href="http://site.ebrary.com/lib/rucke/Doc?id=10840326">http://site.ebrary.com/lib/rucke/Doc?id=10840326</a>
Public note An electronic book accessible through the World Wide Web; click to view

No items available.

© 2026 Rongo University
Contact us: librarian | system librarian | Rongo university